00650 2200241 4500001002100000005001500021035002000036007000300056008004100059020002200100082001100122084001700133100002300150245007400173250001000247260003500257300003200292650001300324700001800337504003100355990001100386990001100397INLIS00000000000403720190822094130 a0010-0819000180ta190822 g 0 ind  a978-602-7929-77-7 a155.25 a155.25 FAD t0 aFADLAN, al-Ikhwani1 a3 Rahasia Sukses Besar /cFadlan al-Ikhwani; penyunting, Erlina Zachi acet.1 aSurakarta :bAhad Books,c2014 a174 hlm. :bilus. ;c21 cm. 4aMOTIVASI0 aERLINA, Zachi aBibliografi : hlm. 171-174 a5814 a a5814 b